Probabilidad y estadística en ingeniería: ejercicios resueltos

Salvato in:
Dettagli Bibliografici
Autori principali: Asín, Jesús (Autore), Badía, Francisco Germán (Autore), Berrade, María Dolores (Autore), Campos, Clemente A (Autore), Galé, Carmen (Autore), Jodrá, Pedro (Autore)
Natura: Libro
Lingua:spagnolo
Pubblicazione: Zaragoza Prensas Universitarias de Zaragoza 2002
Edizione:1a. ed
Serie:Colección Textos Docentes
Soggetti:
Tags: Aggiungi Tag
Nessun Tag, puoi essere il primo ad aggiungerne!!

MARC

LEADER 00000nam a2200000 a 4500
001 UCK2798
003 CL-VaPUC
008 050318e20020000SP |||||||||||||||||spa|d
020 |a 8477336083 
082 0 4 |a 519.2  |b ASI  |2 21 
100 0 |a Asín, Jesús  |e author  |9 490803 
700 0 |a Badía, Francisco Germán  |e author  |9 490804 
700 0 |a Berrade, María Dolores  |e author  |9 490805 
700 0 |a Campos, Clemente A  |e author  |9 490806 
700 0 |a Galé, Carmen  |e author  |9 490807 
700 0 |a Jodrá, Pedro  |e author  |9 490808 
245 1 0 |a Probabilidad y estadística en ingeniería: ejercicios resueltos 
250 |a 1a. ed 
300 |a 252 p 
942 |c BK 
945 |d 20050318 00:00:00  |a cmena 
260 |a Zaragoza  |b Prensas Universitarias de Zaragoza  |c 2002 
650 0 |a Probabilidades   |9 260199 
650 0 |a Teoría de probabilidades   |9 336944 
650 0 |a Estadística matemática  |9 260028 
650 0 |a Problemas, ejercicios, etc  |9 259377 
583 |a last modification  |c 20050318 00:00:00  |k Rodrigo Vera 
490 0 |a Colección Textos Docentes 
999 |c 312254  |d 312252 
952 |0 0  |1 0  |4 0  |6 519_200000000000000_ASI_2002  |7 0  |8 A  |9 382244  |a BIBGIM  |b BIBGIM  |d 2019-11-21  |i 4099508  |o 519.2 ASI 2002  |p 4099508  |r 2025-01-15  |w 2019-11-21  |y BK  |k EST 
952 |0 0  |1 0  |4 0  |6 519_200000000000000_ASI_2002  |7 0  |8 A  |9 382245  |a BIBGIM  |b BIBGIM  |d 2019-11-21  |i 4099516  |o 519.2 ASI 2002  |p 4099516  |r 2025-01-15  |w 2019-11-21  |y BK  |k EST